000 00295nam a22001217a 4500
008 170728b xxu||||| |||| 00| 0 eng d
041 _ager
080 _a004
100 _a31
101 _aSHK
245 _aDER PRAKTISCHE EINSATZ VON DATENVERARBEITUNGSSYSTEMEN
_cBILLETER,E.P
942 _2udc
_cBK
999 _c22109
_d22109